000 00680nam a22002171 4500
001 2165921
003 OSt
005 20240621124238.0
008 841211s1959 njua 000 0 eng
010 _a 59011031
040 _aDLC/ICU
_cMUST
_dDLC
082 0 0 _a530 SHO 1959
100 1 _aShortley, George,
_d1910-
_917588
245 1 0 _aPrinciples of college physics,
_cby George Shortley and Dudley Williams.
260 _aEnglewood Cliffs, N.J.,
_bPrentice-Hall,
_c1959.
300 _a898 p.
_bill.
_c24 cm.
650 0 _aPhysics.
_9809
700 1 _aWilliams, Dudley,
_d1912-
_ejoint author.
_917589
906 _a7
_bcbc
_corignew
_du
_eocip
_f19
_gy-gencatlg
942 _2ddc
_cO_SHELF
999 _c8698
_d8698